000
00313nam a22001457a 4500
003
SGT
082
_a
616.5
_b
C11S
100
_a
SEHGAL, VIRENDRA N.
245
_a
TB. OF CLINICAL DERMATOLOGY
250
_a
5TH
260
_a
INDIA
_b
JAYPEE
_c
2011
300
_a
354
650
_a
DERMATOLOGY
942
_2
ddc
_c
BK
999
_c
14601
_d
14601